000
00223nam a22000857a 4500
008
160712b xxu||||| |||| 00| 0 eng d
100
_9
2650
_a
Cowman, C.E
245
_a
Streams in the Desert
260
_a
Michigon
_b
Zondervan
_c
1965
999
_c
2303
_d
2303